000
00334nam a2200133Ia 4500
008
240624s9999 xx 000 0 und d
041
_a
eng
082
_a
303.34 BEN
100
_a
BENNIS WARREN
245
_a
WHY LEADERS CAN T LEAD THE UNCONSCIOUS C
260
_c
1997
_a
California
_b
Jossey-Bass
300
_a
192 : p.
365
_c
_b
28
999
_c
22749
_d
22749